Open Data Biblioteca Nacional de Portugal


República Portuguesa: Ministério da Cultura
Biblioteca Nacional de Portugal

Catálogo da BNP: acesso por Identificadores Unívocos
Registos Bibliográficos associados ao registo de autoridade

Etiqueta de registo: 00000nam 2200025 450
001 2277383
003 http://id.bnportugal.gov.pt/bib/catbnp/2277383
100 ## $a20260306d2023 k y0pory01030103ba
101 0# $aeng$dpor
102 ## $aPT
105 ## $aa m 000yy
106 ## $ar
200 1# $aMethodology for parameters optimization and development of new materials for additive manufacturing of SLS products$fAna Carina Ferreira Lopes$gorient. António José Vilela Pontes, Álvaro Miguel do Céu Gramaxo Oliveira Sampaio
210 #9 $a[S.l.$cs.n.],$d2023
215 ## $aXXII, 235 p.$cil.$d30 cm
328 #1 $aTese dout. Engenharia de Polímeros e Compósitos, Escola de Engenharia, Universidade do Minho, 2023
700 #1 $aLopes,$bAna Carina Ferreira$31989697
702 #1 $aPontes,$bAntónio José Vilela$4727$31169091
702 #1 $aSampaio,$bÁlvaro Miguel do Céu Gramaxo Oliveira$4727$31555055
801 #0 $aPT$bBN$gRPC
966 ## $lBN$mFGMON$x1
971 ## $corlando$d20260306

OpendataBNP@bnportugal.pt | Mais informação sobre acesso aos dados BNP